Music Quiz

Random Music Quiz
Score 0/63 Timer 06:00
0 Plays Today
Stage Band % Correct
Thursday Main Stage TobyMac
83.3%
Saturday Main StageNewsboys
66.7%
Wednesday HM StageWolves at the Gate
50%
Wednesday HM StageEmery
50%
Friday Main StageThousand Foot Krutch
50%
Friday HM StageDemon Hunter
50%
Saturday Main StageSwitchfoot
50%
Wednesday Main StageCrowder
33.3%
Thursday Main Stage Red
33.3%
Friday Main StageFamily Force 5
33.3%
Friday HM StageBecoming the Archetype
33.3%
Saturday Fringe StageProject 86
33.3%
Wednesday Main StageKutless
16.7%
Wednesday Main StageChris Tomlin
16.7%
Wednesday HM StageThe Overseer
16.7%
Wednesday HM StageOh Sleeper
16.7%
Thursday Main Stage For King & Country
16.7%
Thursday Fringe StageBrian 'Head' Welch
16.7%
Thursday Fringe StageShonlock
16.7%
Thursday Fringe StageLove and Death
16.7%
Thursday HM StageTo Speak of Wolves
16.7%
Thursday HM StageFlatfoot 56
16.7%
Thursday HM StageUnderoath
16.7%
Friday Main StageGroup 1 Crew
16.7%
Friday Main StageNick Vujicic
16.7%
Friday Fringe StageWrite This Down
16.7%
Friday Fringe StageIcon for Hire
16.7%
Saturday Fringe StageThe Overseer
16.7%
Saturday Fringe StageDisciple
16.7%
Wednesday Main StageRapture Ruckus
0%
Wednesday Main StageReggie Dabbs
0%
Thursday Main Stage School of Worship
0%
Stage Band % Correct
Thursday Main Stage Bread of Stone
0%
Thursday Main Stage The City Harmonic
0%
Thursday Main Stage Bob Lenz
0%
Thursday Main Stage Tenth Avenue North
0%
Thursday Fringe StageHyland
0%
Thursday Fringe StageChildren 18;3
0%
Thursday Fringe StageSent By Ravens
0%
Friday Main StageEvelia
0%
Friday Main StageMikeschair
0%
Friday Main StageKye Kye
0%
Friday Main StageSeth Franco
0%
Friday Main StageChris August
0%
Friday Main StageAll Sons and Daughters
0%
Thursday Main Stage Anne Beiler
0%
Friday Fringe StageBread of Stone
0%
Friday Fringe StageJustin Fatica
0%
Friday Fringe StageManafest
0%
Friday Fringe StageThe Letter Black
0%
Friday Fringe StageThe Supertones
0%
Friday HM StageBlissed
0%
Friday HM StageSleeping Giant
0%
Saturday Main StageGrace Campbell
0%
Saturday Main StageJulie Ellis
0%
Saturday Main StageRoyal Tailor
0%
Saturday Main StageAustin Gutwein
0%
Saturday Main StageThe Rocket Summer
0%
Saturday Main StagePlanetshakers
0%
Saturday Main StageTony Nolan
0%
Saturday Fringe StageAn Epic No Less
0%
Saturday Fringe StageHarry Thomas
0%
Saturday Fringe StageDominic Balli
0%
Remove Ads.
Support Sporcle.
Get the best of Sporcle when you Go Orange. This ad-free experience offers more features, more stats, and more fun while also helping to support Sporcle. Thank you for becoming a member.

You're not logged in!

Compare scores with friends on all Sporcle quizzes.
OR
Log In

Show Comments

Extras

Created Jul 29, 2012ReportNominate
Tags:2012, creation, Festival, lineup, stage

Top Quizzes Today


Score Distribution

Your Account Isn't Verified!

In order to create a playlist on Sporcle, you need to verify the email address you used during registration. Go to your Sporcle Settings to finish the process.

Report this User

Report this user for behavior that violates our Community Guidelines.

Details: